000 00262nam a2200109Ia 4500
008 220204s9999 xx 000 0 und d
082 _a82-3GAL
_bGAL
100 _aGalsworthy, John
245 0 _aForsyte saga etc
260 _aLondon
_bHeinemann
_c1976
942 _cBK
999 _c30591
_d30591